|
|
|
|
| LEADER |
00000cam a2200000 7i4500 |
| 001 |
0000031234 |
| 005 |
20260126.0 |
| 008 |
260122t2017my g 000 0 may d |
| 020 |
|
|
|a 9789834914042 (
|q paperback) ,
|c RM12.80
|
| 040 |
|
|
|a BNM
|b eng
|c INS
|e rda
|
| 041 |
0 |
|
|a mal
|
| 090 |
0 |
0 |
|a PL5107
|b .A23 2017
|
| 100 |
0 |
|
|a Abdul Ghalib Yunus, ,
|d 1960-, ,
|e author.
|
| 245 |
1 |
0 |
|a RUMUS TATABAHASA MELAYU :
|b PEMBENTUKAN KATA DAN EJAAN
|c ABDUL GHALIB YUNUS,MUHAMMAD NORRUDIN ABDUL AZIZ
|
| 264 |
|
1 |
|a Kuala Lumpur :
|b Dewan Bahasa dan Pustaka
|c 2017
|
| 264 |
|
4 |
|a ©2017
|
| 300 |
|
|
|a xiv, 235 pages ;
|c 23 cm.
|
| 336 |
|
|
|a text
|2 rdacontent
|
| 337 |
|
|
|a unmediated
|2 rdamedia
|
| 338 |
|
|
|a volume
|2 rdacarrier
|
| 500 |
|
|
|a Includes questions and answers
|
| 504 |
|
|
|a Bibliography : pages 111-113
|
| 650 |
1 |
0 |
|a Malay language
|x Grammar
|v Problems, exercises, etc.
|
| 650 |
2 |
0 |
|a Government publications
|z Malaysia
|
| 650 |
2 |
0 |
|a Malay language
|x Morphology
|v Problems, exercises, etc.
|
| 999 |
|
|
|a 1000004943
|b BOOK
|c Open Shelf
|e Default branch
|